[Event "Moscow Aeroflot op-A"]
[Site "Moscow"]
[Date "2006.02.14"]
[Round "7"]
[White "Jakovenko, Dmitrij"]
[Black "Jobava, Baadur"]
[Result "1/2-1/2"]
[WhiteElo "2662"]
[BlackElo "2614"]
[Annotator "Lukacs,P"]
[PlyCount "109"]
[EventDate "2006.02.08"]
[EventType "swiss"]
[EventRounds "9"]
[EventCountry "RUS"]
[SourceTitle "CBM 112"]
[Source "ChessBase"]
[SourceDate "2006.06.07"]
[SourceVersion "1"]
[SourceVersionDate "2006.06.07"]
[SourceQuality "1"]

1. e4 c6 2. d4 d5 3. Nc3 dxe4 4. Nxe4 Bf5 5. Ng3 Bg6 6. h4 h6 7. Nf3 Nd7 8. h5
Bh7 9. Bd3 Bxd3 10. Qxd3 Ngf6 11. Bf4 Qa5+ 12. Bd2 Qc7 13. O-O-O e6 14. Ne4
O-O-O 15. g3 Nxe4 16. Qxe4 Nf6 17. Qe2 Bd6 18. c4 (18. Kb1 {- Ramesh- Koneru,
Goodricke 12th op 2001 CBM 82}) 18... c5 19. Bc3 cxd4 {This exchange is
logical, because the white N belongs to e5.} 20. Rxd4 (20. Bxd4 Bc5 21. Bxc5
Qxc5 22. Ne5 Qc7 23. f4 a6 24. Kb1 Rxd1+ 25. Rxd1 Rd8 26. Rc1 {There is no
penetration on the d <->, /\ c5-c6.} (26. Rxd8+ Kxd8 27. g4 Ke8 28. b3 Nd7 $11
{neutralizing the pressure in the _|_.}) 26... Kb8 27. c5 Nd5 28. c6 Rc8 29.
Rc5 Qd6 30. Nd7+ Kc7 31. Rc1 Nb4 32. Rd1 Nd5 33. Ne5 Kb8 34. cxb7 Rc7 35. Ka1 {
1/2-1/2 De Firmian-Yudasin, New York 2005}) (20. Nxd4 $142 {looks best.} a6 {
against Nb5} (20... Qc5 $5 {leads to unclear consequences.} 21. Kb1 $14 (21. f4
Qb6 22. Nb5 Bc5 23. b4 Be3+ 24. Kc2 a6 25. Nd6+ Rxd6 26. Rxd6 Qxd6 27. Qxe3 Rd8
28. Qf3 Qc7 29. Kb3 a5 $13 {Barcenilla-Adianto, Beijing 1992})) 21. Kb1 (21.
Nf3 {/\ Ne5, because the N on d4 is harmless.} Qc6 (21... Qc5 22. Be5 {The
exchange of the strong B is not logical.} (22. Ne5 Bxe5 23. Bxe5 Rxd1+ 24. Rxd1
Rd8 25. Rxd8+ Kxd8 26. Bxf6+ gxf6 27. Kc2 Ke7 {1/2:1/2 Zimina-Yevseev, Reggio
Emilia 2500}) 22... Bc7 23. Bxc7 Qxc7 24. Ne5 Rxd1+ 25. Rxd1 Rd8 $11 {
Rytshagov-Manninen, FIN 1992}) (21... Rhe8 {is met by the main plan} 22. Ne5 $1
Bxe5 23. Bxe5 Qc5 {(Rogovoi-Kazakov, St.Petersburg 1997)} 24. f4 $14 {and the
R on e8 remains useless.}) (21... Rd7 22. Ne5 Bxe5 23. Bxe5 Qa5 $1 (23... Qc6
24. g4 Rhd8 25. f3 {This P structure defends all the vulnerable squares.} Ne8
26. Bc3 {The B is superior to the N because of the fixed weaknesses on the >>.}
f6 27. Rxd7 Rxd7 28. Re1 Nd6 29. Qxe6 $16 {Brunner-Danielsen, EU-chT (Men)
Debrecen 1992}) 24. Bxf6 Rxd1+ 25. Rxd1 gxf6 26. Rd3 Rg8 (26... Qc5 27. Qf3 Rg8
{(Rytshagov-Danielsen, Yerevan 1996)} 28. Qxf6 Qxh5 29. Qd4 $14) 27. Qf3 f5 28.
Qe3 Rg4 29. f4 Rg8 30. a3 (30. Ra3 Qc7) 30... Rd8 31. Rxd8+ Qxd8 32. Kc2 Qg8
$11 {Mrdja-K.Berg, Turin 1996}) 22. Rh4 (22. Ne5 Bxe5 23. Bxe5 Rxd1+ 24. Rxd1
Rd8 25. Rxd8+ (25. Re1 {Here leaving the d <-> may only lead to unconveniences.
} Qa4 (25... Qd7 26. Bxf6 {This is sad, but Nxh5 was the threat.} (26. Kb1 Qd2)
26... gxf6 27. b3 Qd4 28. Kc2 Qc5 29. Kb2 Qd4+ $11 {Ernst-G.Hansen, Oslo 1994})
26. b3 Qa3+ 27. Kb1 Qa5 $1 28. Kc1 Nxh5 29. Rd1 Rxd1+ 30. Kxd1 Qd8+ 31. Kc2 Nf6
{and Black has won a healthy P, Fressinet-Erenburg, Gothenburg 2005.}) 25...
Kxd8 {and White has missed f3, and g4.} 26. Bxf6+ gxf6 {This _|_ cannot be
better with queens on the board.} 27. b3 Ke7 $11 {Loeffler-K.Berg, Cannes 1995}
) 22... Bc7 23. Rxd8+ Rxd8 24. Ne5 (24. Kb1 Qc5 $1 {>< h5} (24... Rd7 25. Ne5)
25. Ne5 Bxe5 26. Bxe5 Qa5 $11) 24... Bxe5 25. Qxe5 (25. Bxe5 $5 {is more
promising, but still not enough for something real.} Ne8 (25... Qa4 26. a3 $14
(26. b3 Qa3+ 27. Kb1 Qa5)) 26. f3 f6 27. Bc3 e5) 25... Rd3 26. Qe2 Rd7 $11 {
Kuczynski-Piket, Ohrid 2001 CBM 084} (26... Qf3 $5 27. Qxf3 Rxf3 28. Bxf6 gxf6
$1 $11 {and the R _|_ is drawish.})) (21. Nb3 {- Rogic-Izeta Txabarri, EU-chT 
(Men) Pula 1997 CBM 57 ext}) 21... Rd7 (21... Kb8 22. Nf3 {/\ Ne5} (22. Nb3 $5
$14) 22... Qc5 (22... Ka8 {Now the K is far from any tactical assaults, but
this costs some tempi.} 23. Ne5 Bxe5 {Soon or later Black has to eliminate the
N, it is simply too strong on e5.} (23... Rhf8 24. g4 $14) (23... Bc5 24. g4 (
24. f4 $14) 24... Rd6 (24... Rxd1+ 25. Rxd1 Rc8 26. f3 Bf8 (26... Bd6 $2 27.
Nxf7) 27. f4 $14 {This is the ideal P structure for White on the >>. The N on
e5 and the B on the long /^ are excellent as well.}) 25. Rxd6 Bxd6 26. Rd1 Rd8
(26... Bxe5 27. Bxe5 Qc6 28. f4 Rc8 29. b3 $14 {is again the typical slightly
better _|_ for White.}) 27. f3 Bxe5 28. Rxd8+ Qxd8 29. Bxe5 Ne8 $14 {without
rooks the position is still slightly better for White, but with a good
defensive technique Black can neutralize White's pressure in the _|_,
Georgiev-Nisipeanu, New Delhi/Teheran 2000 CBM 081.}) 24. Bxe5 Qc6 {Black's
counterchances are on the weakened h1-a8 /^.} (24... Qc5 {- 22...Qc5}) 25.
Rxd8+ Rxd8 26. Re1 {White has certainly only a slightly better position
because the black heavy artillery is active.} Qg2 (26... Qc5 27. g4 {/\ f4
with further advance on the >>, where >< g7 and h6 are fixed on the colour of
the B.} Rc8 28. b3 Rd8 29. f4 $14) (26... Qd7 27. g4 Qd2 (27... Qd3+ $2 {
allows White's breakthrough on the >> after} 28. Qxd3 Rxd3 29. g5 $1 Nxh5 (
29... hxg5 30. h6 $1 {is the point!}) 30. Rh1 f6 31. Bc7 $18) 28. f3 Qxe2 29.
Rxe2 Rd3 30. Rf2 Ne8 31. Kc2 Rd8 32. Rd2 Rxd2+ 33. Kxd2 $14 {is the maximum
White can get from the opening exchanging Black's active Q and R.}) 27. Bxf6
gxf6 28. Qe3 {In the _|_ there remain still a target for White, the >< h6.} f5
29. a3 {White first secures the position of his K.} Rd7 (29... Qc6 30. Qxh6
Qxc4 31. Qe3 $14 {with a remote o^ on h5.}) 30. Ka1 $14 {Ponomariov-Li
Wenliang, Moscow 2001 CBM 086}) (22... Rhe8 23. Ne5 $14) 23. Ne5 Bxe5 24. Qxe5+
{White wants to liquidate to a slightly better _|_, this is his main goal in
the Classical Caro Kann.} (24. Bxe5+ Ka8 25. Rxd8+ Rxd8 26. f4 $14 {/\ g4})
24... Qxe5 25. Bxe5+ Kc8 26. Rxd8+ Rxd8 27. Kc2 $14 {The d <-> is not so
important, because the K covers the penetration squares,
Akopian-Azmaiparashvili, Gothenburg 2005 CBM 109.}) 22. Rc1 $1 {/\ c5} (22. g4
$6 {weakens >< f4.} Rhd8 23. Nb3 Bf4 24. Rxd7 Qxd7 25. Bxf6 gxf6 {The P
structure is weakened, but Black's pieces are more active.} 26. Kc2 Qa4 $1 {
(Renet-Miles, Cannes schev 1989)} 27. Kb1 $11 {repeating moves.}) (22. Nb3 Qc6
{The Q is well-placed on the long /^ and ready for any penetration.} (22... Be7
{defending the f6 N is not necessary.} 23. Rxd7 Qxd7 24. f3 Qc6 25. g4 Rg8 26.
Rd1 $14 Rd8 {1/2:1/2 Prasad-Koneru, Chalapathi GM 2000}) 23. Rhe1 (23. Bxf6
gxf6 24. c5 Bc7 25. Rxd7 Qxd7 26. Rd1 Qc6 27. a3 Rd8 {with only microscopical
advantage for White, Tolnai-Groszpeter, Budapest 1989.}) 23... Rhd8 24. g4 Bf4
25. Rxd7 Rxd7 26. f3 e5 27. Nc1 $14 {Fedorov-Pantsulaia, Warsaw 2005}) (22. Nf3
Rhd8 23. a3 (23. Rc1 Qc5 $1) 23... Qc6 24. Rh4 Bc7 25. Rxd7 Rxd7 26. Ne5 Bxe5
27. Qxe5 Ne8 {/\ f6, e5} 28. Qe2 f6 29. Re4 e5 $11 {P.Benko-Kagan, Winnipeg
1967}) 22... Kb8 (22... Rhd8 $140 $2 23. c5 $1) 23. Nf3 (23. Rc2 {is a slow
manoeuvre giving up the fight for the d <->.} Rc8 24. b3 Qc5 25. Nf3 Rcd8 26.
Ne5 Bxe5 27. Qxe5+ Qxe5 28. Bxe5+ Kc8 29. Rh4 Rd1+ 30. Rc1 R1d2 $11 {
Berelovich-Kharitonov, Chigorin mem 1999}) (23. f4 Rc8 24. Nf3 {The N belongs
to e5.} Qc6 (24... Qxc4 $4 25. Qxc4 Rxc4 26. Ne5 $18) (24... Ka8 25. Ne5 Bxe5
26. Bxe5 $14) 25. Ne5 Bxe5 26. Bxe5+ Ka8 27. Rhd1 (27. g4) 27... Rcd8 28. Rxd7
Qxd7 29. g4 $14 {Efimenko-M.Pavlovic, Gibraltar 2006}) (23. Nb3 $5) 23... Qc5 (
23... Rhd8 24. Ne5 $14) 24. Rhd1 (24. Rh4 {looks a bit sophysticated here.}
Rhd8 25. b4 Qf5+ 26. Kb2 Bc7 27. Nd4 Qh7 28. Rc2 e5 $11 {
Kotronias-Azmaiparashvili, Gothenberg 2005}) (24. Ne5 Bxe5 25. Bxe5+ Kc8 26.
Rcd1 Rhd8 27. Rxd7 Rxd7 28. f4 Qa5 29. g4 $14 {Lane-Jobava, Khanty Mansyisk
2005}) 24... Rhd8 25. Ne5 Bxe5 26. Bxe5+ Kc8 (26... Ka8 27. f4 $14) 27. Rxd7 (
27. Rd5 $5 exd5 28. cxd5 Qxc1+ 29. Kxc1 Rxd5 $11) 27... Rxd7 28. f4 Ne8 $14 (
28... Qc6 29. Re1 Ne8 30. Bc3 Nd6 31. g4 Qxc4 (31... Nxc4 32. b3 Na3+ 33. Kb2
Nb5 34. Bxg7 $18 {Smeets-Sulashvili, Instanbul 2005}) 32. Qe3 $16 (32. Qxc4+
Nxc4 33. Bxg7 f5 $11))) 20... Rd7 (20... Bc5 21. Rf4 Be7 22. Re1 Rhf8 23. Ne5
Bd6 24. Rd4 Bc5 25. Rxd8+ Rxd8 26. Rd1 Rxd1+ 27. Kxd1 Ne8 28. Kc2 {White has
again the slight edge in the _|_.} Bd6 29. b3 Bxe5 30. Bxe5 $14 {Golubev-Bets,
Bucharest 2002}) (20... Qe7 21. Ne5 Bc7 22. Rhd1 Rxd4 23. Rxd4 Rd8 24. f4 Rxd4
25. Bxd4 a6 26. Kc2 $14 {Amonatov-Kharitonov, Moscow 2002}) (20... Qc5 $5 {
attacking >< h5} 21. Ne5 (21. Rhd1 Nxh5 22. b4 Qc6 23. c5 Bc7) 21... Bxe5 22.
Qxe5 Qxe5 23. Rxd8+ Rxd8 24. Bxe5 Rd3 25. Rh4 Rf3 26. Bd4 a6 27. Kd2 Rf5 28.
Ke3 Rg5 29. Bxf6 {1/2-1/2 Zubarev-Turov, Tula 2001}) 21. Kb1 Rhd8 $2 (21... Qc5
$1 {was again the best counterplay.} 22. b4 $5 Qf5+ 23. Ka1 Rhd8 (23... e5 $5
24. Rdd1 e4 $13) 24. c5 Bc7 $11) 22. c5 $1 Bf8 (22... Bxc5 23. Rc1 $1 $16 {
with nasty threats on the c <->.}) 23. Ra4 Qc6 (23... Bxc5 24. Rc1 $18) 24.
Rxa7 Bxc5 25. Ra8+ Kc7 26. Rxd8 (26. Be5+ Kb6 27. Rxd8 Rxd8 28. Rh4 $16 {
with some attacking chances for White.}) 26... Kxd8 $1 {bringing the K to the
>>.} (26... Rxd8 27. Rc1 {The pin on the c <-> is again annoying.} Qe4+ 28.
Qxe4 Nxe4 29. Be5+ Kb6 30. b4 Bd6 31. Bxg7 $16) 27. Rc1 Rd5 $1 {Black wants to
complicate matters.} (27... Qe4+ {leads again to a better _|_ for White.} 28.
Qxe4 Nxe4 29. Bxg7 Rd5 (29... Bxf2 30. Bxh6 Bxg3 31. Bg7) 30. g4 Nxf2 31. Ne5 (
31. Rxc5 Rxc5 32. Bd4 Rc4 33. Bxf2 Rxg4 $14) 31... Bf8 32. Bxf8 Rxe5 33. Bg7
$16) 28. Ne5 Qa6 29. Qc2 (29. Nxf7+ Ke8 30. Qc2 Kxf7 31. Qg6+ Kf8 32. Bxf6 gxf6
33. Qxf6+ Ke8 $13 {White can get three pawns for the piece, but the black
pieces are rather active.}) 29... Ke7 30. g4 (30. f4 Nxh5 31. Qh7 f6 32. g4
fxe5 33. gxh5 Qd3+ 34. Qxd3 Rxd3 35. Bxe5 Bd6 $11) 30... Qd6 31. a3 (31. Nxf7
$5 Kxf7 32. Qg6+ Kf8 33. Bxf6 gxf6 34. Qxh6+ Ke8 35. Qg6+ Kd7 36. Qc2 $44)
31... Ne8 32. f4 f6 33. Ng6+ Kf7 34. f5 Nc7 (34... e5 $2 {runs into the pin
after} 35. Qb3 $16) 35. fxe6+ Nxe6 36. Qb3 Qd7 37. Re1 Bf2 (37... b6 38. Ka2
$14) 38. Re2 Bg3 39. Ka2 Qb5 $2 {[#] Overlooking the following check.} (39...
Bb8 $14) 40. Nh8+ $1 Ke7 (40... Kg8 {leads to a much better _|_ for White:} 41.
Rxe6 Kxh8 42. Qxb5 Rxb5 43. Re8+ Kh7 44. Re7 Bd6 $1 (44... Be5 45. a4) 45. Rd7
Be5 46. Bxe5 fxe5 47. b4 e4 48. Re7 $16) 41. Bb4+ Bd6 {[#]} 42. Ng6+ $2 ({
missing the forceful} 42. a4 $1 Qc6 (42... Qxe2 43. Qxd5 Bxb4 44. Qxb7+ $18)
43. Ng6+ Kd7 44. Bxd6 Rxd6 45. Rxe6 Rxe6 46. Nf8+ Ke7 47. Nxe6 Qxe6 48. Qxe6+
$1 Kxe6 {and the P _|_ is easily won by White.} 49. b4 Kd5 (49... f5 50. gxf5+
Kxf5 51. a5 $18) 50. Kb3 $18) 42... Kd7 $13 43. Bxd6 (43. a4 {is already met by
} Qd3) 43... Qxb3+ 44. Kxb3 Rxd6 {Now Black has finally consolidated his
position.} 45. Kc3 Rc6+ 46. Kd3 Rc5 47. Re4 Rg5 48. Rb4 Nc5+ 49. Ke3 f5 50.
Rd4+ (50. gxf5 Rxf5) 50... Kc7 51. Rd5 (51. gxf5 Rxf5 52. Nf4 Kc6 $11) 51...
fxg4 52. Rxg5 hxg5 53. Ne7 g3 54. Kf3 Nd7 55. Nf5 1/2-1/2

[Event "CHN-RUS Summit Men 1st"]
[Site "Shanghai"]
[Date "2001.09.10"]
[Round "4"]
[White "Ye, Jiangchuan"]
[Black "Dreev, Alexey"]
[Result "1-0"]
[WhiteElo "2677"]
[BlackElo "2690"]
[Annotator "Lukacs,P"]
[PlyCount "75"]
[EventDate "2001.09.07"]
[EventType "schev"]
[EventRounds "6"]
[EventCountry "CHN"]
[SourceTitle "CBM 085"]
[Source "ChessBase"]
[SourceDate "2001.11.13"]
[SourceVersion "1"]
[SourceVersionDate "2001.11.13"]
[SourceQuality "1"]

1. e4 c6 2. d4 d5 3. Nd2 dxe4 4. Nxe4 Bf5 5. Ng3 Bg6 6. h4 h6 7. Nf3 e6 8. Ne5
Bh7 9. Bd3 Bxd3 10. Qxd3 Nd7 11. f4 c5 12. Be3 Qa5+ 13. Bd2 Qa4 14. d5 Ne7 15.
dxe6 $5 {[%mdl 8] This is the new idea here. White wants to disturb the black
K.} (15. c4 {- Zhang Zhong-Dreev,CHN-RUS Summit Men 2001 CBM 85}) 15... Nxe5 (
15... fxe6 $2 {leads to a better _|_ after} 16. Qxd7+ Qxd7 17. Nxd7 Kxd7 18.
O-O-O $16 {because of the weakness on e6 and the lack of development}) 16. fxe5
fxe6 17. Bc3 (17. Qe4 {Exchanging queens leads nowhere after} Qxe4+ 18. Nxe4
Nc6 19. Bc3 O-O-O $11) (17. Ne4 Nf5 $13) (17. O-O Rd8 $1 $13) 17... Rd8 18. Qe2
(18. Qf3 $6 {is less precise because of} Qxc2 $1 19. Qxb7 {but simply} Qd3 $1 (
{and not} 19... Rd7 20. Qb8+ Rd8 (20... Kf7 21. O-O+ $18) 21. Qb5+ Rd7 22. O-O
$16) 20. Ne2 Nf5 21. Rh3 Qd5 22. Qb5+ Rd7 $15) 18... h5 $2 {Black is
frightened of a check on the h5-e8 /^, but the remedy is worse than the
illness.} (18... Nd5 $1 19. Ne4 (19. Qh5+ $6 {can simply be met by} Kd7 $13 {
and the black K will reach a safe harbour.}) 19... Nxc3 20. Nxc3 (20. Qh5+ {
is again a blow into the air after} Kd7 $1 21. Nxc3 Qf4) 20... Qf4 $1 21. Qh5+
(21. Qb5+ Rd7) 21... Qf7 22. Qxf7+ (22. Qg4 Rd4 $1 $15) 22... Kxf7 $11 {
and the _|_ cannot be bad for Black because of the weaknesses in White's P
structure.}) 19. O-O $1 (19. Nxh5 Nd5 $1 (19... Nc6 20. b3 $16) 20. Rh3 Nxc3
21. bxc3) 19... a6 $6 {This is another useless move.} (19... Qxh4 $4 20. Qb5+
Nc6 (20... Rd7 21. Rad1 Nd5 22. Rxd5 $1 exd5 23. e6 $18) 21. Qxb7 $18) ({Still
} 19... Nd5 {was required!}) 20. Ne4 Nf5 {[#]} (20... Nd5 21. Qf3 Rd7 22. b3
Qc6 23. Bb2 $14) 21. Nd6+ $16 {Now White opens up the lines against the K in
the middle.} (21. Rf4 $5 {was also interesting, for example:} Qc6 (21... Nd4
22. Qf2 Be7 23. Rf1 Qxa2 24. Nd6+ $1 Bxd6 25. exd6 Rxd6 26. b3 $1 $18) 22. Raf1
Be7 23. Nd6+ $1 {The same motif comes again and again.} Nxd6 (23... Bxd6 24.
exd6 $16) 24. exd6 $16) 21... Nxd6 22. exd6 Qg4 (22... Rxd6 {was not rosy
either.} 23. Rad1 Qd7 24. Rxd6 Bxd6 (24... Qxd6 25. Rd1 $16 (25. Qe4 $16)) 25.
Rd1 Qe7 26. Bxg7 Rh7 27. Be5 $16) 23. Qf2 Qg6 24. Be5 Bxd6 25. Bxd6 Rxd6 26.
Qxc5 Rc6 27. Qa7 {The black K in the middle is an easy target for White's
heavy artillery.} Qxc2 28. Qxb7 Qc5+ 29. Kh1 Rc7 30. Qb8+ Rc8 31. Qg3 $1 $18 g5
32. Rae1 Rh6 33. Qf3 Qe7 34. hxg5 Rh8 35. Qb3 Rc6 36. Rd1 Qc7 37. Qd3 Rg8 38.
Qf3 1-0